The future of business / (Record no. 34659)

MARC details
000 -LEADER
fixed length control field 00384nam a22001697a 4500
005 - DATE AND TIME OF LATEST TRANSACTION
control field 20231102121330.0
008 - FIXED-LENGTH DATA ELEMENTS--GENERAL INFORMATION
fixed length control field 231101b |||||||| |||| 00| 0 eng d
082 ## - DEWEY DECIMAL CLASSIFICATION NUMBER
Classification number 658.4083
Item number GIT
100 ## - MAIN ENTRY--AUTHOR
Author Name Gitman
245 ## - TITLE STATEMENT
Title The future of business /
Statement of responsibility, etc. Gitman
250 ## - EDITION STATEMENT
Edition statement 5th ed.
300 ## - PHYSICAL DESCRIPTION
Pages 605
500 ## - GENERAL NOTE
General note Include Index
650 ## - SUBJECT ADDED ENTRY--TOPICAL TERM
Subject / Department Management
700 ## - ADDED ENTRY--PERSONAL NAME
Personal name McDaniel
952 ## - LOCATION AND ITEM INFORMATION (KOHA)
-- 0
-- 0
Holdings
Lost status Damaged status Collection code Permanent Location Current Location Shelving Location Date acquired Full Call Number Accession No./Barcode Date last seen item type Koha item type
    Management Superior Information Resource Center (SIRC) Superior University- Main Campus Superior Information Resource Center (SIRC) Superior University- Main Campus Management 11/01/2023 658.4083 GIT-F 20800 11/01/2023 BOOK BOOK

Powered by Koha